| 000 | 00613cam a2200181 a 4500 | ||
|---|---|---|---|
| 005 | 20250901165323.0 | ||
| 008 | 860801s1986 nyua b 001 0 eng | ||
| 010 | _a 85017926 | ||
| 020 | _a0024229407 | ||
| 050 | 1 | 0 |
_aRC423 _b.V45 1986 |
| 082 | 0 | 0 |
_a616.85/5/0072 _219 |
| 100 | 1 | _aVentry, Ira M. | |
| 245 | 1 | 0 |
_aEvaluating research in speech pathology and audiology / _cIra M. Ventry, Nicholas Schiavetti, with a chapter by Teri A. Denson. |
| 250 | _a2nd ed. | ||
| 260 |
_aNew York : _bMacmillan Pub. Co., _cc1986. |
||
| 300 |
_axv, 448 p. : _bill. ; _c25 cm. |
||
| 942 |
_2lcc _hRC423 .V46 1985 |
||
| 999 |
_c2100 _d2100 |
||